000 00323nam a2200133Ia 4500
005 20260326235454.0
008 260326s9999||||xx |||||||||||||| ||und||
100 _aSaalman, Howard
245 0 _aMedieval Cities /
_cHoward Saalman
260 _bGeorge Brazilier
300 _a127 p.
650 _aDISEÑO URBANO
942 _cBK
999 _c7881
_d7881